Normal view
MARC view
- Khalid Mahmood
Entry Personal Name
001 - CONTROL NUMBER
- control field: 47924
003 - CONTROL NUMBER IDENTIFIER
- control field: NUST
005 - DATE AND TIME OF LATEST TRANSACTION
- control field: 20210314133930.0
008 - FIXED-LENGTH DATA ELEMENTS
- fixed length control field: 210314|| aca||aabn | a|a d
040 ## - CATALOGING SOURCE
- Original cataloging agency: NUST
- Transcribing agency: NUST
100 ## - HEADING--PERSONAL NAME
- Personal name: Khalid Mahmood
670 ## - SOURCE DATA FOUND
- Source citation: Work cat.: (NUST): Khalid Mahmood, Design of a Dual Purpose Bunker for the Farward Areas of Pakistan an (Plain Regions) Against the Direct hit fom 105 MM Howitzer Shell, 13-05-2002
